LEADER 01258nam a2200253 i 4500 001 991004142069707536 008 090213c2002 de 10 ger 020 $a3484108479 035 $ab13810418-39ule_inst 040 $aDip.to Filologia Class. e Scienze Filosofiche$bita 082 $a830.9 245 04$aDie präsenz des Mittelalters in seinen handschriften :$bergebnisse der Berliner Tagung in der Staatsbibliothek zu Berlin, preussischer kulturbesitz, 6.-8. april 2000 /$chersaugegeben von Hans-Jochen Schiewer und Karl Stackmann 260 $aTübingen :$bM. Niemeyer,$c2002 300 $aVIII, 361 p., [36] p. di tav. :$bill. ;$c25 cm 650 04$aManoscritti tedeschi$yMedioevo$zGermania$vCongressi 650 04$aManoscritti$yMedioevo$zGermania$vCongressi 700 1 $aSchiewer, Hans-Jochen$eauthor$4http://id.loc.gov/vocabulary/relators/aut$0525340 700 1 $aStackmann, Karl 907 $a.b13810418$b02-04-14$c13-02-09 912 $a991004142069707536 945 $aLE007 830 SCH 02.01$g1$i2007000179727$lle007$nLE007 2009 Sturlese$op$pE74.00$q-$rl$s- $t0$u0$v0$w0$x0$y.i14943803$z19-03-09 996 $aPräsenz des Mittelalters in seinen handschriften$91465061 997 $aUNISALENTO 998 $ale007$b13-02-09$cm$da $e-$fger$gde $h4$i0